The Hellenica Oxyrhynchia and historiography : new research perspectives /
This book involves a new historiographical study of the Hellenica Oxyrhynchia that defines its relationship with fifth- and fourth-century historical works as well as its role as a source of Diodorus' Bibliotheke . The traditional and common approach taken by those who studied the HO is primari...
المؤلف الرئيسي:
التنسيق: كتاب الكتروني
اللغة: English
منشور في:
Leiden ; Boston :
Brill,
[2016]
سلاسل:
Mnemosyne, Supplements
395.
Mnemosyne Supplements Online, Volumes 204-407, ISBN: 9789004322288.
الموضوعات:
الوصول للمادة أونلاين: Login to view Source
الوسوم: إضافة وسم
رقم الطلب: PA3998.H233 O33 2016
| LEADER | 03938nam a2200661 i 4500 | ||
|---|---|---|---|
| 001 | BRILL9789004325784 | ||
| 003 | nllekb | ||
| 005 | 20230529211747.0 | ||
| 006 | m d | ||
| 007 | cr un uuuua | ||
| 008 | 160713s2016 ne sb 001 0 eng d | ||
| 010 | |a 2016032603 | ||
| 020 | |a 9789004325784 |q (electronic book) | ||
| 020 | |z 9789004325715 |q (print) | ||
| 024 | 7 | |a 10.1163/9789004325784 |2 DOI | |
| 035 | |a (OCoLC)953618049 |z (OCoLC)960835725 |z (OCoLC)961154468 |z (OCoLC)961814971 | ||
| 040 | |a NL-LeKB |c NL-LeKB |e rda | ||
| 043 | |a e-gr--- | ||
| 050 | 4 | |a PA3998.H233 |b O33 2016 | |
| 072 | 7 | |a HIS |x 002010 |2 bisacsh | |
| 072 | 7 | |a HBLA1 |2 bicssc | |
| 072 | 7 | |a HIS039000 |2 bisacsh | |
| 082 | 0 | 4 | |a 938/.06 |2 23 |
| 100 | 1 | |a Occhipinti, Egidia. | |
| 245 | 1 | 4 | |a The Hellenica Oxyrhynchia and historiography : |b new research perspectives / |c by Egidia Occhipinti. |
| 264 | 1 | |a Leiden ; |a Boston : |b Brill, |c [2016] | |
| 300 | |a 1 online resource (xi, 303 pages) | ||
| 336 | |a text |b txt |2 rdacontent | ||
| 337 | |a computer |b c |2 rdamedia | ||
| 338 | |a online resource |2 rdacarrier | ||
| 490 | 1 | |a Mnemosyne supplements : monographs on Greek and Latin language and literature, |x 0169-8958 ; |v v. 395 | |
| 504 | |a Includes bibliographical references and index. | ||
| 505 | 0 | 0 | |a Front Matter -- The HO in the View of Modern Scholars -- The Work and the Reader -- Spartan Motivations: the HO and Xenophon -- Diodorus, the HO and Xenophon: A Reassessment -- The HO and Athenian Polypragmosyne -- Terra Marique ... -- Historiography and Hegemony -- Historical Causation -- 'Moralism' in Historiography -- Conclusion -- Appendix -- Bibliography -- Indexes. |
| 506 | |a Available to subscribing member institutions only. | ||
| 520 | |a This book involves a new historiographical study of the Hellenica Oxyrhynchia that defines its relationship with fifth- and fourth-century historical works as well as its role as a source of Diodorus' Bibliotheke . The traditional and common approach taken by those who studied the HO is primarily historical: scholars have focused on particular, often isolated, topics such as the question of the authorship, the historical perspective of the HO against other Hellenica from the 4th century BC. This book is unconventional in that it offers a study of the HO and fifth- and fourth-century historical works supported by papyrological enquiries and literary strategies, such as intertextuality and narratology, which will undoubtedly contribute to the progress of research in ancient historiography. | ||
| 559 | 4 | |a PA3998.H233 O33 2016 | |
| 588 | |a Description based on online resource; title from digital title page (viewed on September 16, 2016). | ||
| 600 | 0 | 0 | |a Diodorus, |c Siculus. |t Bibliotheca historica. |
| 630 | 0 | 0 | |a Hellenica Oxyrhynchia. |
| 630 | 0 | 7 | |a Bibliotheca historica (Diodorus, Siculus) |2 fast |
| 630 | 0 | 7 | |a Hellenica Oxyrhynchia. |2 fast |
| 648 | 7 | |a To 146 B.C. |2 fast | |
| 650 | 0 | |a History, Ancient |x Historiography. | |
| 650 | 0 | |a History, Ancient |x Research. | |
| 650 | 7 | |a Historiography. |2 fast | |
| 650 | 7 | |a History, Ancient |x Historiography. |2 fast | |
| 650 | 7 | |a History, Ancient |x Research. |2 fast | |
| 651 | 0 | |a Greece |x History |x Historiography. |y To 146 B.C. | |
| 651 | 0 | |a Greece |x History |x Historiography. |y Spartan and Theban Supremacies, 404-362 B.C. | |
| 651 | 7 | |a Greece. |2 fast | |
| 655 | 7 | |a History. |2 fast | |
| 776 | 0 | 8 | |i Print version: |a Occhipinti, Egidia, author. |t Hellenica Oxyrhynchia and historiography |d Leiden ; Boston : Brill, [2016] |z 9789004325715 |w (DLC) 2016028035 |
| 830 | 0 | |a Mnemosyne, Supplements |v 395. | |
| 830 | 0 | |a Mnemosyne Supplements Online, Volumes 204-407, ISBN: 9789004322288. | |
| 856 | 4 | |z DOI: |u http://dx.doi.org/10.1163/9789004325784 | |
| 942 | |2 lcc |c EBOOK | ||
| 952 | |0 0 |1 0 |2 lcc |4 0 |6 PA3998 H233 O33 02016 |7 1 |9 48513 |a BRILL |b BRILL |d 2023-05-29 |l 0 |o PA3998.H233 O33 2016 |r 2023-05-29 00:00:00 |w 2023-05-29 |y EBOOK | ||
| 999 | |c 53857 |d 53857 | ||
